=LDR 00000nam 2200000 4500 =001 INLIS000000000017488 =005 20130612112710 =008 ***********************************Ind** =035 ##$$0010-061300000017488 =041 ##$$a Ind =082 ##$$a 551.46 =090 ##$$a 551.46, Bud t =100 ##$$a Budiharsono, Sugeng =245 ##$$a Teknik analisis pembangunan wilayah pesisir dan lautan, Sugeng Budiharsono =260 ##$$a 2005 $b Jakarta =300 ##$$a viii, 172 hlm, 23 cm =650 ##$$a Biologi laut =850 ##$$a NBPNMAT